000 00764nam a22002177a 4500
003 OSt
005 20240712104530.0
008 240712b |||||||| |||| 00| 0 eng d
020 _a1840641541
040 _cmust
082 _a338.88 NEW 2003
245 _aThe new economic analysis of multinationals:
_bAn agenda for management,policy and research/
_cEdited by Thomas L. Brewer,Stephen Young and Stephen E. Guisinger
260 _aCheltenham:
_bEdward Elgar publishing limited;
_cc2003.
300 _axii,177p.:
_c24cm.
440 _aNew Horizons in international business.
_918687
504 _aIncludes index
650 _2International business enterprise
700 _aYoung,Stephen
_918688
700 _aGuisinger,Stephen E.
_918689
942 _2ddc
_cO_SHELF
999 _c9167
_d9167